00366nam a22001217a 4500003000400000082001800004100001800022245010200040260004800142300000700190650001700197653003000214SGT a617.643bE24S aSaini, Saumya aEvaluation of Orthodontic Archwire Surfaces and microbial adhesion during fixed appliance therapy aSGT UniversitybDept. of Orthodonticsc2024 a96 aOrthodontics aFaculty of Dental Scienes